Política y dialéctica : (Record no. 34078)

MARC details
000 -LEADER
campo de control de longitud fija 01220cam a2200277 i 4500
001 - NÚMERO DE CONTROL
campo de control 32282
005 - FECHA Y HORA DE LA ÚLTIMA TRANSACCIÓN
campo de control 20230410105315.0
008 - DATOS DE LONGITUD FIJA--INFORMACIÓN GENERAL
campo de control de longitud fija 820317s1964 mx b 000 0 spa
035 ## - NÚMERO DE CONTROL DEL SISTEMA
-- (DLC) 81471780
035 ## - NÚMERO DE CONTROL DEL SISTEMA
Número de control de sistema 3746867
010 ## - NÚMERO DE CONTROL DE LA BIBLIOTECA DEL CONGRESO
Número de control de LC 81471780
Número de control de LC cancelado o no válido 77555159
040 ## - FUENTE DE CATALOGACIÓN
Centro catalogador/agencia de origen DLC
Centro/agencia transcriptor DLC
Centro/agencia modificador DLC
050 14 - SIGNATURA TOPOGRÁFICA DE LA BIBLIOTECA DEL CONGRESO
Número de clasificación H 61
Número de ítem F634p 1964
110 2# - ENTRADA PRINCIPAL--NOMBRE DE ENTIDAD CORPORATIVA
Nombre de entidad corporativa o nombre de jurisdicción como elemento de entrada Flores Olea, Víctor Manuel.
245 10 - MENCIÓN DEL TÍTULO
Título Política y dialéctica :
Resto del título introducción a una metodología de las ciencias sociales /
Mención de responsabilidad, etc. Víctor Flores Olea.
250 ## - MENCION DE EDICION
Mención de edición 1. ed.
260 ## - PUBLICACIÓN, DISTRIBUCIÓN, ETC.
Lugar de publicación, distribución, etc. México :
Nombre del editor, distribuidor, etc. Universidad Nacional Autónoma de México, Facultad de Ciencias Políticas y Sociales,
Fecha de publicación, distribución, etc. 1964.
300 ## - DESCRIPCIÓN FÍSICA
Extensión 171 p. ;
Dimensiones 22 cm.
500 ## - NOTA GENERAL
Nota general Lectures given in the Cursos de Invierno de la Escuela Nacional de Ciencias Políticas y Sociales de la UNAM, 1963.
504 ## - NOTA DE BIBLIOGRAFÍA, ETC.
Nota de bibliografía, etc. Bibliography: p. [167]-171.
505 0# - NOTA DE CONTENIDO CON FORMATO
Nota de contenido con formato Dialéctica especulativa y dialéctica científica.--La estructura lógica de la dialéctica materialista.--Verdad, ideología y conciencia de clase.--Teoría, práctica y revolución.--Política y dialéctica.
650 #0 - PUNTO DE ACCESO ADICIONAL DE MATERIA--TÉRMINO DE MATERIA
Término de materia o nombre geográfico como elemento de entrada Social sciences
Subdivisión general Methodology.
650 #0 - PUNTO DE ACCESO ADICIONAL DE MATERIA--TÉRMINO DE MATERIA
Término de materia o nombre geográfico como elemento de entrada Political science
Subdivisión general Philosophy.
650 #0 - PUNTO DE ACCESO ADICIONAL DE MATERIA--TÉRMINO DE MATERIA
Término de materia o nombre geográfico como elemento de entrada Dialectical materialism.
942 ## - ELEMENTOS DE ENTRADA SECUNDARIOS (KOHA)
Fuente del sistema de clasificación o colocación Clasificación de Library of Congress
Tipo de ítem Koha
Holdings
Estatus retirado Estado de pérdida Fuente del sistema de clasificación o colocación Estado de daño No para préstamo Colección Biblioteca de origen Biblioteca actual Ubicación en estantería Fecha de adquisición Serial enumeration / chronology Signatura topográfica completa Código de barras Visto por última vez Copia número Tipo de ítem Koha
    Clasificación de Library of Congress     Ciencias Sociales Biblioteca Juan Bosch Biblioteca Juan Bosch Ciencias Sociales (3er. Piso) 10/04/2023 1 H 61 F634p 1964 00000029820 24/10/2018 1